Sổ tay toán-lí-hóa cấp 3 : Lớp 10, 11, 12; Luyện thi THPT

Nội dung sách cung cấp những kiến thức căn bản về sổ tay toán, sổ tay lý, sổ tay hóa của các lớp 10, 11, 12

Zapisane w:
Opis bibliograficzny
1. autor: Nguyễn, Cam
Format: Książka
Język:Undetermined
Wydane: Hà Nội Đại học quốc gia Hà Nội 2019
Hasła przedmiotowe:
Etykiety: Dodaj etykietę
Nie ma etykietki, Dołącz pierwszą etykiete!
Thư viện lưu trữ: Trung tâm Học liệu Trường Đại học Cần Thơ
LEADER 00930nam a2200241Ia 4500
001 CTU_232718
008 210402s9999 xx 000 0 und d
020 |c 65000 
082 |a 510.712 
082 |b C104 
100 |a Nguyễn, Cam 
245 0 |a Sổ tay toán-lí-hóa cấp 3 : 
245 0 |b Lớp 10, 11, 12; Luyện thi THPT 
245 0 |c Nguyễn Cam, Nguyễn Thanh Hải, Ngô Ngọc An 
260 |a Hà Nội 
260 |b Đại học quốc gia Hà Nội 
260 |c 2019 
520 |a Nội dung sách cung cấp những kiến thức căn bản về sổ tay toán, sổ tay lý, sổ tay hóa của các lớp 10, 11, 12 
650 |a Mathematics,Toán học 
650 |x Study and teaching (Secondary),Dạy và học 
904 |i Trần hoàng phúc,Qhieu 
910 |a Tuyến 
980 |a Trung tâm Học liệu Trường Đại học Cần Thơ